Possibilities of production of transfermium nuclei in charged-particle evaporation channels; Physical Review C; Vol. 94, iss. 4
| Parent link: | Physical Review C.— , 1970- Vol. 94, iss. 4.— 2016.— [044606, 18 p.] |
|---|---|
| প্রধান লেখক: | |
| সংস্থা লেখক: | |
| অন্যান্য লেখক: | , |
| সংক্ষিপ্ত: | Title screen The possibilities of direct production of the isotopes of transfermium nuclei Md259,260, No260,261, Lr261-264, Rf264,265, Db264-268, Sg266-269, Bh266-271, Hs267-274, and Mt270-274 in various asymmetric hot fusion-evaporation reactions are studied. The excitation functions of the formation of these isotopes in the αxn and pxn evaporation channels are predicted for the first time. The optimal reaction partners and conditions for the synthesis of new isotopes are suggested. The products of the suggested reactions can fill a gap of unknown isotopes between the isotopes of heaviest nuclei obtained in the xn evaporation channels of the cold and hot complete fusion reactions. |
| ভাষা: | ইংরেজি |
| প্রকাশিত: |
2016
|
| বিষয়গুলি: | |
| অনলাইন ব্যবহার করুন: | https://doi.org/10.1103/PhysRevC.94.044606 |
| বিন্যাস: | MixedMaterials বৈদ্যুতিক গ্রন্থের অধ্যায় |
| KOHA link: | https://koha.lib.tpu.ru/cgi-bin/koha/opac-detail.pl?biblionumber=651805 |
MARC
| LEADER | 00000naa0a2200000 4500 | ||
|---|---|---|---|
| 001 | 651805 | ||
| 005 | 20250325133845.0 | ||
| 035 | |a (RuTPU)RU\TPU\network\17067 | ||
| 090 | |a 651805 | ||
| 100 | |a 20161123d2016 k||y0rusy50 ba | ||
| 101 | 0 | |a eng | |
| 102 | |a US | ||
| 135 | |a drcn ---uucaa | ||
| 181 | 0 | |a i | |
| 182 | 0 | |a b | |
| 200 | 1 | |a Possibilities of production of transfermium nuclei in charged-particle evaporation channels |f J. Hong, G. G. Adamyan, N. V. Antonenko | |
| 203 | |a Text |c electronic | ||
| 300 | |a Title screen | ||
| 330 | |a The possibilities of direct production of the isotopes of transfermium nuclei Md259,260, No260,261, Lr261-264, Rf264,265, Db264-268, Sg266-269, Bh266-271, Hs267-274, and Mt270-274 in various asymmetric hot fusion-evaporation reactions are studied. The excitation functions of the formation of these isotopes in the αxn and pxn evaporation channels are predicted for the first time. The optimal reaction partners and conditions for the synthesis of new isotopes are suggested. The products of the suggested reactions can fill a gap of unknown isotopes between the isotopes of heaviest nuclei obtained in the xn evaporation channels of the cold and hot complete fusion reactions. | ||
| 461 | |t Physical Review C |d 1970- | ||
| 463 | |t Vol. 94, iss. 4 |v [044606, 18 p.] |d 2016 | ||
| 610 | 1 | |a труды учёных ТПУ | |
| 610 | 1 | |a электронный ресурс | |
| 700 | 1 | |a Hong |b J. |g Juhee | |
| 701 | 1 | |a Adamyan |b G. G. |g Gurgen Grigorjevich | |
| 701 | 1 | |a Antonenko |b N. V. |c physicist |c Professor of Tomsk Polytechnic University, Doctor of physical and mathematical sciences |f 1964- |g Nikolay Viktorovich |3 (RuTPU)RU\TPU\pers\35905 |9 19046 | |
| 712 | 0 | 2 | |a Национальный исследовательский Томский политехнический университет |b Физико-технический институт |b Кафедра высшей математики и математической физики |3 (RuTPU)RU\TPU\col\18727 |9 27176 |
| 801 | 2 | |a RU |b 63413507 |c 20161123 |g RCR | |
| 856 | 4 | 0 | |u https://doi.org/10.1103/PhysRevC.94.044606 |
| 942 | |c CF | ||